Moana's You're Welcome - Dwayne Johnson (All Lyrics) - Statistics

General Stats
  • This quiz has been taken 450 times
  • The average score is 279 of 357
Answer Stats
Lyrics % Correct
I
99%
yo
99%
You
99%
you
99%
What
98%
what
98%
your
98%
welcome
97%
a
95%
You're
94%
you're
94%
Your'e
94%
can
93%
it
93%
say
93%
The
93%
the
93%
go
92%
it's
92%
It's
92%
an
91%
and
89%
And
89%
Ha
89%
except
88%
me
87%
to
87%
To
87%
in
85%
Maui
85%
see
85%
that
85%
at
84%
demi
84%
do
84%
When
84%
when
84%
god
83%
here
83%
know
83%
what's
83%
What's
83%
happen
82%
sun
82%
with
82%
just
81%
Okay
81%
okay
81%
sky
81%
happening
80%
Hey
80%
don't
79%
Don't
79%
For
79%
is
79%
Is
79%
on
79%
staring
79%
face
78%
no
78%
got
77%
hair
76%
mess
76%
bod
75%
every
75%
strange
75%
greatness
74%
how
74%
lot
74%
I'm
73%
Who
73%
adorable
72%
away?
72%
away
72%
coconuts
72%
even
72%
guy
72%
Look
72%
of
72%
tree
72%
feel
71%
humans
71%
let
71%
my
71%
never
71%
now
71%
Oh
71%
sea
71%
Well
71%
win
71%
around
70%
change
70%
messing
70%
guts
69%
nice
69%
skin
69%
tide
69%
was
69%
natural
68%
This
68%
break
67%
eel
67%
eyes
67%
from
67%
Open
67%
ordinary
67%
yea
67%
begin
66%
he's
66%
lets
66%
take
66%
Thank
66%
buried
65%
could
65%
grass
65%
phenomenon
65%
bring
64%
day
64%
explain
64%
fire
64%
really
64%
where
64%
boat
63%
killed
63%
need
63%
Yes
63%
down
62%
fun
62%
ground
62%
pulled
62%
below?
61%
lassoed
61%
Breathe
60%
come
60%
him
60%
lesson
60%
tapestry
60%
also
59%
Also
59%
but
59%
cold
59%
honestly
59%
islands
59%
looking
59%
think
59%
victories
59%
were
59%
high
58%
map
58%
stole
58%
breeze
57%
days
57%
everything
57%
thumbs
57%
two
57%
make
56%
So
56%
Sprouted
56%
trees
56%
has
55%
nights
55%
stretch
55%
up
55%
Cause
54%
harnessed
54%
gonna
53%
way
53%
anything
52%
Kid
52%
sailing
52%
float
51%
shake
51%
waddling
51%
being
50%
mini
50%
sails
49%
guess
47%
fill
46%
gotta
46%
tides
45%
wonderful
45%
world
45%
pray
43%
been
42%
I've
42%
There's
40%
tapping
37%
anyway
33%
mean
19%
tickety
10%
No matching quizzes found
Score Distribution
Percent of People with Each Score
Percentile by Number Answered
Your Score History
You have not taken this quiz